Business vision / (Record no. 2708)

MARC details
000 -LEADER
fixed length control field 00619nam a2200181 ar4500
001 - CONTROL NUMBER
control field 2710
005 - DATE AND TIME OF LATEST TRANSACTION
control field 20221127090545.0
008 - FIXED-LENGTH DATA ELEMENTS--GENERAL INFORMATION
fixed length control field 120104s xxka 00010|eng d
020 ## - INTERNATIONAL STANDARD BOOK NUMBER
International Standard Book Number 0194379825(teacher's bk) :
Terms of availability SR38.00
082 04 - DEWEY DECIMAL CLASSIFICATION NUMBER
Classification number 428.2402465
Item number Ap52 2002
100 1# - MAIN ENTRY--PERSONAL NAME
Personal name Appleby, Rachel.
245 10 - TITLE STATEMENT
Title Business vision /
Statement of responsibility, etc. Rachel Appleby ; tests by Mark Dudley.
260 ## - PUBLICATION, DISTRIBUTION, ETC.
Place of publication, distribution, etc. Oxford ;
-- New York :
Name of publisher, distributor, etc. Oxford University Press,
Date of publication, distribution, etc. 2002.
300 ## - PHYSICAL DESCRIPTION
Extent 96 p. :
Other physical details ill. ;
Dimensions 28 cm.
440 #0 - SERIES STATEMENT/ADDED ENTRY--TITLE
Title Oxford business English.
650 #4 - SUBJECT ADDED ENTRY--TOPICAL TERM
Topical term or geographic name entry element English language
General subdivision Business English.
650 #4 - SUBJECT ADDED ENTRY--TOPICAL TERM
Topical term or geographic name entry element English language
Form subdivision Textbooks for foreign speakers.
Holdings
Withdrawn status Lost status Source of classification or shelving scheme Damaged status Not for loan Home library Current library Date acquired Total Checkouts Full call number Barcode Date last seen Copy number Price effective from Koha item type
              11/27/2022   428.2402465 Ap52 2002 1000000009233 11/27/2022 C1 11/27/2022 Book